| Tag |
First Indicator |
Second Indicator |
Subfields |
| LEADER |
00000cam a2200000 a 4500 |
| 001 |
in00000072521 |
| 005 |
20151008053435.0 |
| 008 |
790314s1978 txuc 00010dengmd |
| 010 |
|
|
|a 78053948
|
| 020 |
|
|
|a 0836301579
|
| 035 |
|
|
|a (OCoLC)04739481
|
| 035 |
|
|
|9 AAH7436AM
|
| 040 |
|
|
|a EEM
|c EEM
|d TXA
|d UtOrBLW
|
| 043 |
|
|
|a n-us---
|
| 049 |
|
|
|a TXAM
|c [1632871]
|
| 090 |
|
|
|a E166
|b .T47
|
| 100 |
1 |
|
|a Thomason, Jackson,
|d 1816-1884.
|
| 245 |
1 |
0 |
|a From Mississippi to California :
|b Jackson Thomason's 1849 overland journal /
|c edited by Michael D. Heaston ; introduction by Martin Harris.
|
| 264 |
|
1 |
|a Austin, Tex. :
|b Jenkins Pub. Co.,
|c 1978.
|
| 300 |
|
|
|a 124 pages :
|b portrait ;
|c 23 cm.
|
| 336 |
|
|
|a text
|b txt
|2 rdacontent
|
| 337 |
|
|
|a unmediated
|b n
|2 rdamedia
|
| 338 |
|
|
|a volume
|b nc
|2 rdacarrier
|
| 600 |
1 |
0 |
|a Thomason, Jackson,
|d 1816-1884.
|
| 650 |
|
0 |
|a Overland journeys to the Pacific.
|
| 651 |
|
0 |
|a United States
|v Aerial views.
|
| 651 |
|
0 |
|a United States
|v Pictorial works.
|
| 700 |
1 |
|
|a Heaston, Michael D.
|
| 999 |
|
|
|a MARS
|
| 999 |
f |
f |
|s fbed844b-e13d-39e2-9a8d-07b0377f2535
|i 93963f4a-582a-3926-befb-cba512d53b0a
|t 0
|
| 952 |
f |
f |
|p ric
|a Texas A&M University
|b Rellis Campus
|c Joint Library Facility
|d Remote Storage
|t 0
|e E166 .T47
|h Library of Congress classification
|i unmediated -- volume
|m A14806104906
|
| 998 |
f |
f |
|a E166 .T47
|t 0
|l Remote Storage
|